00345 a2200133 450000100060000002000180000604000220002410000290004624000470007524500420012230000080016436200090017265000300018162899 a9788571109636 cAnchieta - Pituba aSimmel, Georg, 1858-191810aQuestões fundamentais da sociologialpor10aQuestões fundamentais da sociologia a1200 a2006 4aSociologia e Antropologia